Red Dead Redemption 2 Towns - Statistics

General Stats
  • This quiz has been taken 6,951 times
    6,864 since last reset
  • The average score is 8 of 12
Answer Stats
State Town % Correct
Lemoyne Saint Denis
95%
New Hanover Valentine
94%
West Elizabeth Strawberry
87%
Lemoyne Rhodes
85%
West Elizabeth Blackwater
82%
New Austin Armadillo
72%
New Hanover Annesburg
65%
New Austin Tumbleweed
64%
New Hanover (Trading Post) Van Horn
64%
New Hanover (Ranch) Emerald Ranch
63%
Ambarino (Abandoned) Colter
51%
New Austin (Trading Post) Thieves Landing
20%
No matching quizzes found
Score Distribution
Percent of People with Each Score
Percentile by Number Answered
Your Score History
You have not taken this quiz since the last reset